|
|
|
|
| LEADER |
01023nam a22002772a 4500 |
| 001 |
000173203 |
| 003 |
CZ BrMZK |
| 005 |
20150226061749.0 |
| 008 |
970107s1988 xr f cze d |
| 015 |
|
|
|a cnb000038846
|
| 035 |
|
|
|a (OCoLC)39438182
|
| 040 |
|
|
|a BOA001
|b cze
|
| 080 |
|
|
|a 372.880.82:37(075.3):377.5
|2 MRF
|
| 080 |
|
|
|a 372.880.82(075.3):377.5
|2 MRF
|
| 100 |
1 |
|
|a Krestovský, Vladimír,
|d 1928-
|7 jk01063290
|
| 245 |
1 |
0 |
|a Ruský jazyk :
|b odborné texty pro střední odborné školy - obory pedagogické /
|c zpracovali: Vladimír Krestovský, Zdenka Krestovská
|
| 250 |
|
|
|a 1. vyd.
|
| 260 |
|
|
|a Praha :
|b SPN,
|c 1988
|
| 300 |
|
|
|a 64 s.
|
| 490 |
1 |
|
|a Učebnice pro střední školy
|
| 700 |
1 |
|
|a Juklíčková-Krestovská, Zdeňka
|7 mzk2010595667
|
| 830 |
|
0 |
|a Učebnice pro střední školy
|
| 910 |
|
|
|a BOA001
|b PK-0106.782
|
| 964 |
|
|
|a Ruština - texty odborné - školy odborné střední
|
| 990 |
|
|
|a BK
|
| 996 |
7 |
|
|b 3119942415
|c PK-0106.782
|l MZK
|r Sklad / do 1 hodiny
|n 0
|w 000173203
|u 000010
|a 1
|e BOA001
|j MZK50
|s A
|